00349nam a2200121Ia 4500008004100000082001700041100002900058245001300087260005900100300000900159630001800168650004100186211109s9999||||xx |||||||||||||| ||und|| a494.8bSUN-D aSuniti Kumar Chatterji,  0aDravidam bState Institute of LanguagesaThiruvananthapuramc1900 a79p. xgeneral stack aMalayalam LanguagevDravidaGeneralia